Prorok Eliáš a Elizeus Najkrajšie biblické príbehy

Bibliographic Details
Main Author: Pavlovič, Jozef, 1934-2020 (Author)
Other Authors: Vojtášek, Alexej, 1952-2023 (Illustrator)
Format: Article
Language:Slovak
Subjects:

MARC

LEADER 00000nab a2200000 a 4500
001 vtls000402486
003 SK-MaSNL
005 20260303173319.0
008 120924c1990 xo 0 slo
015 |a SNBRB19rr/mm-uuuuu 
035 |a CL0402610 
040 |a SNKBUCL  |b slo  |c SNKBUCL  |e AACR2 
041 0 |a slo 
044 |a xo  |c SK 
080 |a 892.4-97  |2 1981 
100 1 |a Pavlovič, Jozef,  |d 1934-2020  |4 aut  |9 200363 
245 1 0 |a Prorok Eliáš a Elizeus  |b Najkrajšie biblické príbehy  |c Alexej Vojtášek, Jozef Pavlovič 
650 0 7 |a biblické príbehy  |2 snkbucl  |9 1916 
655 7 |a články z novín a časopisov  |2 snkbucl  |9 267496 
655 7 |a články z odboru literárna veda a krásna literatúra  |2 snkbucl  |9 770045 
700 1 |a Vojtášek, Alexej,  |d 1952-2023  |4 ill  |9 88777 
773 0 |t Zornička  |g Roč. 43, č. 9 (1990), s. /10-11/ 
850 |a Slovenská národná knižnica v Martine  |a MTA001 
852 |a SNK  |b KIS3GCP 
958 |a RK 
958 |a LX 
992 |a RBX 
999 |c 2092012  |d 2093942